Concert Band Instruments Quiz - Statistics

General Stats
  • This quiz has been taken 177 times
  • The average score is 13 of 15
Answer Stats
Pitched in... Answer % Correct
C Flute
99%
Bb Clarinet
97%
Bb Trumpet
96%
C Trombone
93%
C Tuba
92%
F French Horn
91%
N/A Percussion
88%
C Oboe
87%
C Baritone/Euphonium
84%
C Piccolo
82%
Eb Alto Saxophone
79%
Bb Bass Clarinet
77%
Bb Tenor Saxophone
77%
C Bassoon
74%
Eb Baritone Saxophone
72%
No matching quizzes found
Score Distribution
Percent of People with Each Score
Percentile by Number Answered
Your Score History
You have not taken this quiz